| 000 | 00988nam a22002897a 4500 | ||
|---|---|---|---|
| 001 | BR0003656 | ||
| 003 | BR-BrBNA | ||
| 005 | 20230928100737.0 | ||
| 007 | ta | ||
| 008 | 230509b bl.||||| |||| 00| 0 por d | ||
| 040 |
_aBR-BrBNA _bpor _cBiblioteca Nacional de Agricultura |
||
| 041 | _a(Por) | ||
| 072 |
_aF30 _b2790 |
||
| 090 | _ 2790 BR0003656 | ||
| 100 | 1 | _aPerecin, M.B. | |
| 110 | 1 |
_aEscola Superior de Agricultura Luiz de Queiroz, Piracicaba, SP (Brasil) _0Tese (Doutor em Agronomia) |
|
| 245 | 1 | _aDiversidade genetica em populacoes naturais de especies de espinheira-Santa, Maytenus aquifolia Mart. e M. ilicifolia Mart. ex Reiss | |
| 260 | 3 |
_aPiracicaba, SP (Brasil): _c2000. |
|
| 300 | _a134 p. | ||
| 500 | _aSummaries (Eng, Por); Bibliography p. 122-128; 8 illus.; 17 tables | ||
| 650 | _aPlanta Medicinal | ||
| 650 | _aGenetica Vegetal | ||
| 650 | _aPopulacao de Planta | ||
| 650 | _aMetodo Estatistico | ||
| 909 |
_a202309 _bLucia _c55 _dLucia Elande |
||
| 942 | _cBK | ||
| 999 |
_c62597 _d62597 |
||